CREEP RESISTANCE AND STRUCTURAL STABILITY OF LOW-ALLOY STEELS

Bibliographic Details
Main Authors: Purmenský, J. (Author), Foldyna, V. (Author), Kuboň, Z. (Author)
Format: Article
Language:English

MARC

LEADER 00000nab a2200000uu 4500
001 vtls011480643
003 SK-MaSNL
005 20260303160024.0
008 230222|2004 xo |||||||||||||||||eng|
015 |a SNBRB 
035 |a (urnnbn)urn:nbn:sk:snk:ar-005d6o 
035 |a (uuid)be787459-657f-4227-888d-b2b8e46a35f9 
035 |a urn:nbn:sk:snk-abd85b 
040 |a SNKBUCL  |b slo  |c SNKBUCL  |e AACR2 
041 0 |a eng 
044 |a xo  |c SK 
100 1 |a Purmenský, J.  |4 aut  |9 689784 
245 1 0 |a CREEP RESISTANCE AND STRUCTURAL STABILITY OF LOW-ALLOY STEELS  |c Z. Kuboň, V. Foldyna, J. Purmenský 
246 3 |a CREEPOVÁ ODOLNOST A ŠTRUKTÚRNA STABILITA NÍZKOLEGOVANÝCH OCELÍ 
700 1 |a Foldyna, V.  |4 aut  |9 798296 
700 1 |a Kuboň, Z.  |4 aut  |9 790074 
773 0 |t Acta Metallurgica Slovaca : časopis Hutníckej fakulty Technickej univerzity Košice  |g Roč. 10, č. 1 (2004), s. 120-128 
958 |a OND 
958 |a EUIPO 
958 |a article18 
999 |c 2043901  |d 2045831